000 00513nam a2200205Ia 4500
003 OSt
005 20230330160728.0
008 210423s2009 xx 000 0 und d
020 _a8174464425
040 _cAL
041 _aeng
082 _a658 SINK
100 _aSINGH (Kavita).
_980452
245 _aOrganisation change and development.
260 _aNew Delhi
_bExcel Books
_c2009
300 _axiv, 383
_bPB
365 _b275
_cINR
906 _achange ; development ; Organisation
942 _2ddc
_cBK
999 _c157634
_d157634